| 000 | 01003nam a2200241 4500 | ||
|---|---|---|---|
| 005 | 20211111164939.0 | ||
| 008 | 211111s1981 us |||fr|||| 001 0 eng d | ||
| 020 | _a0883120844 | ||
| 040 |
_aCENDOC CAAAP _bspa _cCAAAP |
||
| 041 | _aeng | ||
| 050 |
_aPM 5716 _b.P32 1981 |
||
| 100 | 1 |
_94390 _aPayne, David L. |
|
| 245 | 1 | 4 |
_aThe phonology and morphology of axininca campa / _cDavid L. Payne |
| 250 | _a1ra ed. | ||
| 260 |
_aDallas: _bSummer Institute of Linguistics, _c1981 |
||
| 300 | _a285 p. | ||
| 490 |
_a(Publications in Linguistics ; _v66) |
||
| 505 | _aContiene : Introduction - Mosphology -- Phonological structure -- Prefix mosphophpnemics -- Epenthesis and related processes -- Palatization and related processes -- Additional phonological rules -- Rule order --Surface representation --Summary and concluding remarks -- Texts --Paradigms --Table of Contents. | ||
| 650 | 1 | 0 |
_94363 _aFonética |
| 650 | 2 | 0 |
_94358 _aGramática |
| 650 | 2 | 0 |
_94391 _aMorfología |
| 942 |
_2lcc _b11 - 11 - 21 _cBK |
||
| 999 |
_c2857 _d2857 |
||